| 000 | 00861nam a2200241Ia 4500 | ||
|---|---|---|---|
| 003 | Ost | ||
| 005 | 20260507075657.0 | ||
| 008 | 260507s9999||||xx |||||||||||||| ||und|| | ||
| 020 | _a9773281299 | ||
| 040 | _cfsecg | ||
| 041 | _aara | ||
| 082 | _a343.0962 | ||
| 100 |
_aترك، محمد عبد الفتاح _eمؤلف |
||
| 245 | 0 |
_aالحجز على السفينة / _c محمد عبد الفتاح ترك |
|
| 260 |
_aالاسكندرية: _bدار الجامعة الجديدة, _c2005 |
||
| 300 |
_a152 صفحة؛ _bإيضاحات ؛ _c24 سم |
||
| 490 | _aالمكتبة القانونية | ||
| 504 | _aالمراجع ص.152 | ||
| 520 | _aالحجز التحفضي على السفينة، الحجز التنفيدي على السفينة | ||
| 653 | _aالقانون البحري | ||
| 653 | _aحجز الممتلكات | ||
| 942 | _cكتاب | ||
| 999 |
_c45724 _d45724 |
||